Hotel Revue Odborný magazín pro moderní management

Gespeichert in:
Bibliographische Detailangaben
Format: Schriftenreihe
Sprache:Tschechisch
Veröffentlicht: Praha Česko-Slovenské hospodářské nakladatelství 1993
Schlagworte:
Tags: Tag hinzufügen
Keine Tags, Fügen Sie das erste Tag hinzu!

MARC

LEADER 00000nas2a2200000 4500
001 s013735
005 20240109095529.1
041 0 |a cze 
044 |a CZ 
245 1 0 |a Hotel Revue  |b Odborný magazín pro moderní management 
264 1 |a Praha  |b Česko-Slovenské hospodářské nakladatelství  |c 1993 
300 |a 1 zv. 
773 0 |w eu_un_cat*s120742 
610 2 0 |a zariadenia stravovacie 
610 2 0 |a hotelierstvo 
610 2 0 |a stravovanie spoločné 
610 2 0 |a hotely 
610 2 0 |a manažment